Представление документа в формате MARC21

ПолеНазваниеЗначение
  Тип записи a
  Библиографический уровень m
001 Контрольный номер RU\infra-m\znanium\bibl\2239843
005 Дата корректировки 20260429142106.1
008 Кодируемые данные 260121s2026 RU g rus u
020 Индекс ISBN __
a ISBN 978-5-9275-5004-3
040 Источник каталогиз. __
a Служба первич. каталог. Общество с ограниченной ответственностью «ЗНАНИУМ»
041 Код языка издания __
a Код языка текста rus
044 Код страны публикации __
a Код страны публикации RU
080 Индекс УДК __
a Индекс УДК 811161
084 Индекс другой классификации/Индекс ББК __
2 Источник индекса rubbk
a Индекс другой классификации/Индекс ББК 8120
084 Индекс другой классификации/Индекс ББК __
2 Источник индекса okso
a Индекс другой классификации/Индекс ББК 45.03.01
100 Автор __
a Автор Изотова Н.В.
q Полное имя Изотова Наталья Валерьяновна
u Дополнение Южный федеральный университет
245 Заглавие __
a Заглавие Современный русский язык. Морфология
b Продолж. заглавия Учебное пособие
c Ответственность Южный федеральный университет
250 Сведения об издании __
a Основные сведения об издании 1
260 Выходные данные __
a Место издания Ростов-на-Дону
b Издательство Издательство Южного федерального университета (ЮФУ)
c Дата издания 2025
300 Физическое описание __
a Объем 195 с.
520 Аннотация __
a Аннотация Данное учебное пособие является частью курса по дисциплине «Современный русский язык» и содержит основные сведения о частях речи. Пособие состоит из двух модулей и двадцати восьми тем. Каждая тема представлена теоретическим материалом и сопровождается практическими заданиями. Рекомендуется в качестве основного учебного пособия по морфологии русского языка для иностранных студентов обучающихся на филологических специальностях по направлению «Филология».
521 Примеч. о цел. назн. __
a Примеч. о целев. назн. ВО - Бакалавриат
650 Тематические рубрики __
a Основная рубрика Филологические науки
x Основная подрубрика Грамматика. Морфология. Синтаксис. Семантика
655 Указ. предметных рубрик (устаревшее) __
a Жанр/ форма (устаревшее) Учебное пособие
700 Другие авторы __
a Другие авторы Ульянова Т.В.
q Полное имя Ульянова Татьяна Владимировна
u Дополнение Южный федеральный университет
856 Электронный адрес документа 4_
a Имя сервера/домена znanium.ru
m Помощь ebs_support@infra-m.ru
n Местонахождение сервера НИЦ ИНФРА-М
u URL https://znanium.ru/catalog/document?id=476795
856 Электронный адрес документа 48
a Имя сервера/домена znanium.ru
d Путь /cover/2239
f Электронное имя 2239843.jpg
u URL https://znanium.ru/cover/2239/2239843.jpg
911 __
u 0030=https://znanium.ru/catalog/document?id=476795